La educación y el movimiento artesano-obrero costarricense en el siglo XIX /
El trabajo se refiere al desarrollo de actividades educativas orientadas hacia -a veces, organizadas por- los artesanos y obreros urbanos, en las décadas finales del siglo XIX en Costa Rica. Analiza las influencias culturales e ideológicas expresadas en las bibliotecas de asociados populares y otros...
Guardado en:
| Hovedforfatter: | |
|---|---|
| Format: | Texto |
| Fag: | |
| Tags: |
Tilføj Tag
Ingen Tags, Vær først til at tagge denne postø!
|
MARC
| LEADER | 00000 a a2200000 04500 | ||
|---|---|---|---|
| 001 | 15728 | ||
| 003 | |||
| 040 | |||
| 100 | |a Oliva Medina, Mario Roberto | ||
| 245 | |a La educación y el movimiento artesano-obrero costarricense en el siglo XIX / |c Mario Roberto Oliva Medina | ||
| 520 | |a El trabajo se refiere al desarrollo de actividades educativas orientadas hacia -a veces, organizadas por- los artesanos y obreros urbanos, en las décadas finales del siglo XIX en Costa Rica. Analiza las influencias culturales e ideológicas expresadas en las bibliotecas de asociados populares y otros medios de educación social. CEM/mb | ||
| 650 | |a EDUCACION DE ADULTOS | ||
| 650 | |a CAPACITACION | ||
| 650 | |a MOVIMIENTOS OBREROS | ||
| 650 | |a ARTESANOS | ||
| 650 | |a ESCUELAS NOCTURANAS | ||
| 650 | |a BIBLIOTECAS PUBLICAS | ||
| 650 | |a IDEOLOGIAS POLITICAS | ||
| 650 | |a AFILIACION POLITICA | ||
| 650 | |a DOCUMENTOS | ||
| 650 | |a MANUALES | ||
| 773 | |g volumen 6 -7, número 12 -13; páginas 129-149 | ||
| 999 | |c 35900 |d 35900 | ||
